| 000 | 01306cam a22003255i 4500 | ||
|---|---|---|---|
| 001 | 17717130 | ||
| 003 | EG-ScBUE | ||
| 005 | 20230103093128.0 | ||
| 008 | 130429s2013 couko f bdf 001 0 eng d | ||
| 020 | _a9781596689763 (pbk.) | ||
| 040 |
_aDLC _beng _erda _cDLC _dDLC _dEG-ScBUE _dEG-ScBUE |
||
| 082 | 0 | 4 |
_a745.5942 _bDRI _222 |
| 100 | 1 |
_aDriggs, Helen I., _eauthor. _938634 |
|
| 245 | 1 | 4 |
_aThe jewelry maker's field guide : _btools and essential techniques / _cHelen I. Driggs ; [edit by Marlene Blessing] |
| 264 | 1 |
_a[Loveland, Colorado] : _bInterweave, _c2013. |
|
| 300 |
_a167 pages : _bforms, photographs ; _c26 cm |
||
| 336 |
_2rdacontent _atext _btxt |
||
| 337 |
_2rdamedia _aunmediated _bn |
||
| 338 |
_2rdacarrier _avolume _bnc |
||
| 500 | _aIncludes glossary. | ||
| 504 | _aIncludes bibliographical references and index. | ||
| 505 | 0 | _aHow to use this book -- Raw materials -- Into the workshop -- At the bench -- Fabrication and assembly -- Moving metal -- Putting it all together -- Projects | |
| 650 | 7 |
_aJewelry making _vHandbooks, manuals, etc. _2BUEsh |
|
| 650 | 7 |
_aJewelry making _xEquipment and supplies. _2BUEsh |
|
| 651 | _2BUEsh | ||
| 653 |
_bCOMAME _cJune2015 _cNovember2015 |
||
| 655 | _vReading book | ||
| 700 | 1 |
_aBlessing, marlene, _eeditor. |
|
| 942 |
_2ddc _k745.5942 DRI _cBB |
||
| 999 |
_c19627 _d19599 |
||